00637nam a2200193Ia 4500008004100000020001800041082001500059100001700074245002700091250000700118260004200125300002500167500001900192600002100211650005000232942000700282952013700289999001700426240925s9999 xx 000 0 und d a9788126558964 a005.54 HAR aHarvey, Greg 0aExcel 2016 for Dummies aNA aNew Delhi:bJohn Wiley & Sonsc,2016. a418p.bN.AfOriginal aIncludes Index aComputer Science aComputer science, information & general works cBK 011040708CSaUITUbUITUd2016-08-22eBook World Internationalg928.14l0o005.54 HARpQ10931r2024-09-25 07:15:53w2024-09-25yBK c13430d13430